Sanat - "Me lapset pienet riennämme" - Statistics

Yleistilastot
  • Tätä visaa on pelattu 17 kertaa
  • Keskiarvotulos 36 / 87
Vastaustilastot
Vastaus % Oikein
lapset
100%
Me
100%
me
100%
nyt
100%
nyt
100%
nyt
100%
Nyt
100%
pienet
100%
riennämme
100%
Betlehemin
88%
ja
88%
ja
88%
ja
88%
ja
88%
ja
88%
ja
88%
ja
88%
Jeesus
88%
Jeesus
88%
Jeesus
88%
seimell
88%
meille
75%
suo
75%
suo
75%
valosi
75%
jouluriemu
63%
käy
63%
käymme
63%
loistaa
63%
riemuiten
63%
riemuiten
63%
tuo
63%
kiittäen
50%
lahjaksi
50%
Luoksesi
50%
saimme
50%
sinut
50%
sisaresi
50%
veljesi
50%
laulaen
38%
kaikkien
25%
kerran
25%
kiittää
25%
kirkkaudesta
25%
Kun
25%
laulamme
25%
luona
25%
luovuit
25%
meidän
25%
pyydämme
25%
saavuit
25%
seimen
25%
taivaassa
25%
taivaasta
25%
tänne
25%
vielä
25%
ihmisiltä
13%
meitä
13%
meitä
13%
meitä
13%
Oi
13%
orjantappurain
13%
piikit
13%
sait
13%
vain
13%
armoa
0%
ettei
0%
hoitamaan
0%
itse
0%
johda
0%
joka
0%
kasteen
0%
lasten
0%
maailma
0%
meidät
0%
Näin
0%
niin
0%
oljen
0%
päivä
0%
pidä
0%
pieniä
0%
rakkaudessa
0%
riistäisi
0%
toivossa
0%
uskossa
0%
uudestaan
0%
ystävä
0%
Ehtoja vastaavia visoja ei löytynyt
Tulosjakauma
Jokaisen tuloksen saaneiden osuus
Persentiili vastausten määrän mukaan
Tuloshistoriasi
Et ole pelannut tätä visaa